Statistics for US States With The Most Land Borders

Click here to take the quiz!

General Stats

  • This quiz has been taken 194 times
    (169 since last reset)
  • The average score is 12 of 14

Answer Stats

# of BordersState% Correct
8Tennessee
91%
7Colorado
90%
7Kentucky
90%
6Utah
89%
6Arkansas
88%
8Missouri
88%
6Iowa
85%
6Nebraska
83%
6Pennsylvania
79%
6Idaho
78%
6Oklahoma
78%
6South Dakota
78%
6Virginia
78%
6Wyoming
77%

Score Distribution

Percentile by Number Answered

Percent of People with Each Score

Your Score History

You have not taken this quiz since the last reset